Normal view
MARC view
- Life skills guides
Entry Topical Term
001 - CONTROL NUMBER
- control field: 115617
003 - CONTROL NUMBER IDENTIFIER
- control field: NUST
005 - DATE AND TIME OF LATEST TRANSACTION
- control field: 20230912165437.0
008 - FIXED-LENGTH DATA ELEMENTS
- fixed length control field: 230912|| aca||aabn | a|a d
040 ## - CATALOGING SOURCE
- Original cataloging agency: NUST
- Transcribing agency: NUST
150 ## - HEADING--TOPICAL TERM
- Topical term or geographic name entry element: Life skills guides
670 ## - SOURCE DATA FOUND
- Source citation: Work cat.: (NUST): Feldman, Robert S. 89942, P.O.W.E.R. learning and your life :
